| 000 | 00589nam a2200181 a 4500 | ||
|---|---|---|---|
| 005 | 20210223125436.0 | ||
| 008 | 040924s1994 mx r 000 0 spa d | ||
| 020 | _a9706280278 | ||
| 035 | _aUPN01000134832 | ||
| 049 | _aCG | ||
| 050 | 4 |
_aRA564.85 _bM8.3 |
|
| 245 | 0 | 0 |
_aMujer rural, medio ambiente y salud en la Selva Lacandona / _ced. María Angeles González. |
| 260 |
_aMéxico : _bSG : _bCONAPO, _c1994. |
||
| 300 |
_a87 p. : _bcuadros |
||
| 650 | 4 |
_aMUJERES - _xSALUD E HIGIENE - _zSELVA LACANDONA, MEXICO _918290 |
|
| 700 | 1 |
_aGonzález, María Angeles, _eed. _941304 |
|
| 905 | _aLibro | ||
| 999 |
_c106983 _d106983 |
||